000 00411nam a2200169Ia 4500
008 180921t2017 xxu||||| |||| 00| 0 sin d
041 _asin
080 _aX8C32
_bAMA
100 _aAmarasekara,Susil J.
245 _aසලකුණ
246 _aSalakuna
260 _bNanila publication
_aNugegoda
_c2017
300 _a82p, 21cm
942 _cBK
999 _c9855
_d9855
003 LK-CoDNM
040 _aLK-CoDNM
_dLK-CoDNM
_eLK-CoDNM